|
|
|
|
| LEADER |
01479nam a2200337 a 4500 |
| 001 |
GR-MES89 |
| 008 |
991111s nyu 000 b eng d |
| 020 |
|
|
|a 0442001975
|
| 040 |
|
|
|a GrPaTEI
|b gre
|c GR-PaULI
|
| 245 |
0 |
0 |
|a Salmon :
|b The illustrated handbook for commercial users.
|
| 260 |
|
|
|a New York :
|b An Osprey Book,
|c c1990
|
| 300 |
|
|
|a xii, 287σελ. :
|b εικ.,πιν.
|
| 504 |
|
|
|a Βιβλιογραφία : σελ.271-275
|
| 650 |
|
4 |
|a Αλιεία-Σολομός
|
| 650 |
|
4 |
|a Καλλιέργεια ψαριών-Σολομός
|
| 650 |
|
4 |
|a Σολομός-Βιομηχανία
|
| 650 |
|
4 |
|a Σολομός-Είδη-Προϊόντα
|
| 650 |
|
4 |
|a Σολομός-Εμπορεύσιμα είδη
|
| 650 |
|
4 |
|a Σολομός-Ιχθυοτροφεία
|
| 650 |
|
4 |
|a Σολομός-Καλλιέργεια-Διατροφή
|
| 650 |
|
4 |
|a Σολομός-Καλλιέργεια-Εμπόριο
|
| 650 |
|
4 |
|a Σολομός-Μάνατζμεντ
|
| 650 |
|
4 |
|a Σολομός-Οικονομικές απόψεις
|
| 650 |
|
4 |
|a Σολομός-Συντήρηση
|
| 650 |
|
4 |
|a Σολομός-Υδατοκαλλιέργειες
|
| 700 |
1 |
|
|a Dore, Ian
|
| 710 |
0 |
|
|a An Osprey Book
|
| 942 |
|
|
|2 ddc
|
| 952 |
|
|
|0 0
|1 0
|2 ddc
|4 0
|6 639_375000000000000_5_DOR
|7 0
|9 263353
|a MSLG
|b MSLG
|c BSC
|d 2021-01-17
|e 24
|f 0
|g 0.00
|l 0
|o 639.375 5 DOR
|p 2420000003854
|r 2021-01-17 00:00:00
|t 1
|w 2021-01-17
|y BK15
|x 19991111 0 1
|x GrPaTEI
|
| 971 |
|
|
|a .b25711301
|b 15-04-20
|c 13-09-16
|
| 999 |
|
|
|c 151579
|d 151579
|